000 00326nam a2200133 i 4500
001 bg
100 1 _aSZYMAŃSKI, J.
245 0 _aCywilizacyjne następstwa postępu technicznego /
_cJ.Szymański.
260 _aPoznań,
_c1989.
040 _cBPK
041 _apol
942 _cKS
008 s pl f |000 0 pol
999 _c28785
_d28785
856 _uhttp://koha.tu.koszalin.pl/cgi-bin/koha/opac-detail.pl?biblionumber=28785
_yKatalog online BPK